000 01032nam a22002777a 4500
001 BR8108495
003 BR-BrBNA
005 20230928091158.0
007 ta
008 230509b bl.||||| |||| 00| 0 por d
040 _aBR-BrBNA
_bpor
_cBiblioteca Nacional de Agricultura
041 _a(Por)
072 _aE10; D10
_b/G514
090 _ E10 BR8108495
100 1 _aSalles, S.B. de
110 1 _aUniversidade Federal do Rio Grande do Sul, Porto Alegre (Brasil). Faculdade de Ciencias Economicas
_0Tese (Mestrado)
_911167
245 1 _aEfeitos de um sistema de registros agropecuarios na eficiencia gerencial do empresariado rural: o caso do sistema FIDENE no Rio Grande do Sul [Fundacao de Integracao e Desenvolvimento do Noroeste do Estado, Brasil]
260 3 _aPorto Alegre, RS (Brasil):
_c1981.
300 _a98 p.
500 _a22 tables; 32 ref.; Summaries (Eng, Por)
650 _aEMPRESA RURAL
650 _aADMINISTRACAO
650 _aRIO GRANDE DO SUL
909 _a202309
_bLucia
_c55
_dLucia Elande
942 _cBK
999 _c32668
_d32668